000 00770nam a2200229 i 4500
001 24618
003 ES-MaACL
005 20251112164243.0
007 t|
008 021218s1981 sp ||||1| spa d
245 0 0 _aAntología del latín vulgar /
_cManuel C. Díaz y Díaz.
250 _a2ª ed., aum. y rev.
260 _aMadrid :
_bGredos,
_c[1981]
300 _a239 p. ;
_c19 cm.
490 1 _aBiblioteca románica hispánica. IV. Textos ;
_v1
650 0 4 _aLengua latina-
_vTextos.
_914307
650 4 _aLengua latina medieval y moderna-
_xTextos.
_9168288
700 1 _aDíaz y Díaz, Manuel C.,
_d1924-2008
_944462
830 0 _aBiblioteca románica hispánica. IV. Textos ;
_v1
_9178362
852 _aES-MaACL
_jL-1895
_bR.102516
999 _c24618
_d24618